| 000 | 00576cam a2200217 4500 | ||
|---|---|---|---|
| 001 | B864 | ||
| 008 | 090401t1978 xxu||||| |||| 00| 0 eng d | ||
| 035 | _a(Sirsi) u38398 | ||
| 041 | _aeng | ||
| 050 | _a526.90285 | ||
| 110 |
_aMinistry of Defence _9577 |
||
| 245 | _aMilitary Engineering volume XIII Part VI : survey computations | ||
| 260 |
_aLondon _bMinistry of Defence _c1978 |
||
| 300 | _a1 v. (loose-leaf) ; 30cm | ||
| 350 | _a35 | ||
| 650 | _aCOMPUTERS | ||
| 650 | _aLAND SURVEYING | ||
| 650 | _aSCHOOL OF MILITARY SURVEY | ||
| 942 | _n0 | ||
| 948 | _c04/03/1997 | ||
| 999 |
_c90642 _d90642 |
||